| 000 | 00812cam a2200217 i 4500 | ||
|---|---|---|---|
| 001 | 54521 | ||
| 005 | 20230411085657.0 | ||
| 008 | 080222b ilua 000 0 eng | ||
| 041 | 0 | _aspa | |
| 050 | 1 | 4 |
_aTDL _bC268f 1997 |
| 100 | 1 | _aCardoso Ruiz, René Patricio | |
| 245 | 0 | 0 |
_aFormación y Desarrollo del Estado Nacional en Cuba a partir del Primero de Enero de 1959/ _cRené Patricio Cardoso Ruiz |
| 260 |
_aMexico : _bUniversidad Nacional Autónoma de Mexico , _c1997 |
||
| 300 |
_axxxvii, 562 p.: _b; _c |
||
| 502 | _aTesis para obtener el grado de Doctor en Estudios Latinoamericanos - Historia- | ||
| 650 | 4 | _aTesis Digitales Latinoamericanas | |
| 650 | 4 | _aTDL | |
| 856 | 4 | 2 |
_3Más?... busque en WorldCat ( solo desde FUNGLODE) _uwww.firstsearch.oclc.org/fsip |
| 942 |
_2lcc _cbk |
||
| 960 | _accruz | ||
| 999 |
_c105755 _d105755 |
||